| 000 | 00500nam a2200133Ia 4500 | ||
|---|---|---|---|
| 008 | 210430s9999 xx 000 0 und d | ||
| 082 | _a658.5 P9621 P | ||
| 100 | _aMuhlemann, Alan., Oakland, John., Lockyer, Keith. | ||
| 245 |
_aProduction and operations management, sixth edition / _cMuhlemann, Alan., Oakland, John., Lockyer, Keith. |
||
| 260 |
_a[S.l.] : _bPitman, _c1994 |
||
| 300 | _a1 v. (unpaged) | ||
| 856 | _uhttp://www.amazon.com/exec/obidos/ASIN/B001343NBU/chopaconline-20 | ||
| 942 | _2ddc | ||
| 999 |
_c564440 _d564440 |
||